Atlas histórico mundial: desde el paleolítico hasta el siglo XX
Na minha lista:
| Autor principal: | |
|---|---|
| Formato: | Livro |
| Idioma: | espanhol |
| Publicado em: |
Madrid
Síntesis
2000
|
| Assuntos: | |
| Tags: |
Adicionar Tag
Sem tags, seja o primeiro a adicionar uma tag!
|
MARC
| LEADER | 00000nam a2200000 a 4500 | ||
|---|---|---|---|
| 001 | UCO7675 | ||
| 003 | CL-VaPUC | ||
| 008 | 001117e20000000SP |||||||||||||||||spa|d | ||
| 082 | 0 | 4 | |a 911 |b LOP |2 21 |
| 100 | |a López-Davalillo Larrea, Julio |e autor |9 452323 | ||
| 245 | 1 | 0 | |a Atlas histórico mundial: desde el paleolítico hasta el siglo XX |
| 300 | |a 255 p | ||
| 942 | |c BK | ||
| 945 | |d 20001117 00:00:00 |a rbrito | ||
| 260 | |a Madrid |b Síntesis |c 2000 | ||
| 650 | 0 | |a Mapas |9 260844 | |
| 650 | 0 | |a Cartografía |9 266055 | |
| 650 | 0 | |a Prehistoria |9 316557 | |
| 650 | 0 | |a Historia antigua |9 267521 | |
| 650 | 7 | |a MAPAS HISTORICOS |2 CL-VaPUC |9 452324 | |
| 650 | 0 | |a Geopolítica |9 313921 | |
| 650 | 7 | |a BANDERAS |2 CL-VaPUC |9 382371 | |
| 583 | |a last modification |c 20001117 00:00:00 |k Rodrigo Vera | ||
| 999 | |c 292560 |d 292558 | ||
| 952 | |0 0 |1 0 |4 0 |6 911_000000000000000_LOP_2000 |7 0 |8 X |9 343492 |a BIBHIS |b BIBHIS |d 2019-11-20 |i 3660044 |l 1 |o 911 LOP 2000 |p 3660044 |r 2024-01-30 |s 2022-09-26 |w 2019-11-20 |y BK_X |k HIS | ||